000 00621nam a2200205Ia 4500
008 131103s9999 xx 000 0 und d
040 _aLoreto College
041 _aEnglish
082 _a301.24/303.4/MUK
_bLCLIB/13024
100 _aMukherjee,Ramkrishna
245 4 _aThe sociologist and social change in India today
_cRamkrishna Mukherjee
260 _aNew Delhi
_bPrentice - Hall of India
_c1965
300 _axi,229 p.
_b ill.,tables
_c 21 cm.
504 _aIncludes bibliographical references
630 _aSocial Change
650 _aSociology
651 _aSocial Processes
850 _aLCLIB
942 _cBK
999 _c3669
_d54148